000 00558nam a2200205Ia 4500
005 20250317131014.0
008 008 250317s9999 xx 000 0 eng d
020 _a81-219-1248-2
037 _aTextbook
040 _aFMSL
_beng
_cFMSL
041 _aeng
_2eng
084 _aX65:8 M2;QO;1
_qFMSL
100 _aBhalla V K
245 0 _aInvestment Management
250 _a2
260 _aNew Delhi
_bNew Delhi, S.Chand
_c1994
300 _a1184p
942 _cTB
_hX65:8 M2;QO;1
999 _c1266258
_d1266258